000 00604nam a22001577a 4500
003 OSt
005 20151004110352.0
008 151004b xxu||||| |||| 00| 0 eng d
040 _cRUA
082 _aAVM មុំ​ 1989 B065 Or.1
100 _92005
_aមុំ ប៊ុណ្ណា
245 _aនិមិត្តហេតុនៃជំងឺរាគកូនជ្រូកធម្មតា នៅមជ្ឈមណ្ឌលចិញ្ចឹមជ្រូកគីឡូម៉ែត្រលេខ១១
260 _aPhnom Penh
_bRUA
_c1989
300 _a74p.
_bill.
_c29cm.
942 _2ddc
_cAVM
999 _c1894
_d1894